header

Abraham Lincoln in the post-heroic era (Record no. 21859)

MARC details
000 -LEADER
fixed length control field 02022nam a2200409 a 4500
082 04 - DEWEY DECIMAL CLASSIFICATION NUMBER
Classification number 973.7092
-- B
100 1# - MAIN ENTRY--AUTHOR NAME
Personal name Schwartz, Barry,
245 10 - TITLE STATEMENT
Title Abraham Lincoln in the post-heroic era
260 ## - PUBLICATION, DISTRIBUTION, ETC. (IMPRINT)
Place of publication Chicago :
Name of publisher University of Chicago Press,
Year of publication c2008.
300 ## - PHYSICAL DESCRIPTION
Number of Pages xvi, 394 p. :
Other physical details ill.
505 0# - FORMATTED CONTENTS NOTE
Formatted contents note Ascension : Lincoln in the Great Depression -- Apex : Lincoln in the Second World War -- Transition : Cold War, racial conflict, and contested images of Lincoln -- Transfiguration : civil rights movement, vanishing savior of the Union -- Erosion : fading prestige, benign ridicule -- Post-heroic era : acids of equality and the waning of greatness -- Inertia : the enduring Lincoln.
650 #0 - SUBJECT ADDED ENTRY--TOPICAL TERM
Topical Term Presidents
Topical Term Multiculturalism
856 40 - ELECTRONIC LOCATION AND ACCESS
Uniform Resource Identifier http://site.ebrary.com/lib/rucke/Doc?id=10273771

No items available.

© 2026 Rongo University
Contact us: librarian | system librarian | Rongo university